Sports Quiz

Random Sports or Golf Quiz
Score 0/34 Timer 10:00
0 Plays Today
Years Answer % Correct
1979, 1983, 1985, 1987, 1989, 1991, 1993, 1995Seve Ballesteros
89.9%
1999, 2002, 2004, 2006, 2008, 2012, 2014, 2016, 2018Sergio Garcia
89.7%
1997, 2002, 2014Thomas Bjorn
79.7%
1981, 1983, 1985, 1987, 1989, 1991, 1993, 1995, 1997, 2002Bernhard Langer
78.8%
2006, 2008, 2014, 2016, 2018Henrik Stenson
77.7%
1987, 1989, 1991, 1993, 1995+, 1997, 1999, 2006Jose Maria Olazabal
76.6%
2010, 2012, 2018Francesco Molinari
74.5%
2010, 2012, 2014, 2016Martin Kaymer
72.1%
2010Edoardo Molinari
71.3%
2018Jon Rahm
56.9%
2016Thomas Pieters
51.5%
1999, 2004, 2008, 2010Mguel Angel Jimenez
51.2%
1997, 1999, 2002Jesper Parnevik
48.6%
1993, 1995, 1997Costantino Rocca
48.4%
2012Nicolas Colsaerts
41.1%
2004Thomas Levet
40.2%
2014Victor Dubuisson
39.9%
Years Answer % Correct
2018Alex Noren
34.7%
2018Thorbjorn Olesen
33.7%
2016Rafa Cabrera Bello
33.6%
2006, 2008Robert Karlsson
32.8%
2010, 2012Peter Hanson
31.4%
2008Soren Hansen
28.7%
1981, 1983, 1985, 1989Jose Maria Canizares
24.5%
1997Ignacio Garrido
23.3%
2002Niclas Fasth
22.9%
1979Antonio Garrido
22.7%
2002Pierre Fulke
22.2%
1999Jean van de Velde
21.2%
1981, 1985Manuel Pinero
20%
1995, 1997Per-Ulrik Johansson
19.5%
1985, 1987Jose Rivero
12.6%
1999Jarmo Sandelin
12.5%
1993Joakin Haeggman
7.1%
Remove Ads.
Support Sporcle.
Get the best of Sporcle when you Go Orange. This ad-free experience offers more features, more stats, and more fun while also helping to support Sporcle. Thank you for becoming a member.

You're not logged in!

Compare scores with friends on all Sporcle quizzes.
OR
Log In

Sporcle TV

Today on Sporcle TV


Watch our educational content, quiz creation guides, and fun videos on Sporcle TV.

Show Comments

Extras

Created May 15, 2020ReportNominate
Tags:Golf Quiz

Top Quizzes Today


Score Distribution

Paid Content

Your Account Isn't Verified!

In order to create a playlist on Sporcle, you need to verify the email address you used during registration. Go to your Sporcle Settings to finish the process.

Report this User

Report this user for behavior that violates our Community Guidelines.

Details: